《赛马娘》官方企划中胸围大于等于90的马娘Umamusumes Whose B≥90 - Statistics

General Stats
  • This quiz has been taken 25 times
  • The average score is 5 of 12
Answer Stats
B 答案 % Correct
90 大和赤骥/ダイワスカーレット
67%
99 名将怒涛/メイショドトウ
57%
97 超级溪流/スーパークリーク
52%
99 菱曙/ヒシアケボノ
52%
94 大树快车/ダイキシャトル
48%
93 琵琶晨光/ビワハヤヒデ
38%
92 丸善斯基/マルゼンスキー
29%
90 气槽/エアグルーヴ
24%
91 采珠/シーキングザパール
24%
91 成田白仁/ナリタブライアン
24%
92 菱亚马逊/ヒシアマゾン
24%
91 川上公主/カワカミプリンセス
14%
No matching quizzes found
Score Distribution
Percent of People with Each Score
Percentile by Number Answered
Your Score History
You have not taken this quiz